La vie d'Adolf Hitler - Statistiques

Statistiques générales
  • Ce quiz a été pris 2 910 fois
  • Le résultat moyen est 13 sur 20
Statistiques - réponses
Indice Réponse % Correct
Pays envahi par l'Allemagne en 1939, déclenchant ainsi la 2ème guerre mondiale Pologne
98%
Pays de naissance d'Hitler Autriche
92%
Parti dirigé par Hitler Nazi
92%
Année lors de laquelle il est nommé à ce poste 1933
83%
Carrière qu'Hitler poursuivait pendant sa jeunesse Peintre
82%
Dictateur avec lequel Hitler a signé le pacte d'acier en 1939 Benito Mussolini
80%
Titre signifiant "leader" qu'il utilisait Führer
79%
Pays avec lequel Hitler a signé un pacte de non-agression en 1939 URSS
77%
Nom de l'autobiographie qu'Hitler à écrite lorsqu'il était en prison Mein Kampf
76%
Nom donné au génocide infligé aux juifs pendant le règne d'Hitler Holocauste
73%
Ville qui accueillait les rassemblements annuels de ce parti, et plus tard les tribunaux de guerres Nuremberg
72%
Ville dans laquelle a eu lieu le "putsch de la Brasserie" en 1923 Munich
62%
Acteur qui a joué le rôle d'Hitler dans "Le Dictateur" en 1940 Charlie Chaplin
61%
Ministre de la propagande du IIIème Reich Joseph Goebbels
54%
Expression généralement utilisée pour parler des assassinats perpétrés par les nazis en 1934 Nuit des {longs couteaux}
47%
Ancien symbole indien qui a servi de logo pour ce parti Svastika
47%
Homme politique qui a déclaré "Si Hitler avait envahi l'enfer, je me serais débrouillé pour avoir un mot gentil pour le Diable" Winston Churchill
46%
Femme d'Hitler à la fin de sa vie Eva Braun
45%
Nom portée par l'armée du IIIème Reich Wehrmacht
32%
Président allemand qui nomma Hitler comme chancelier Paul von Hindenburg
28%
Aucun quiz correspondant
Distribution des résultats
% des personnes avec chaque résultat
Percentile par nombre de réponses
Votre historique - résultats
Vous n’avez pas pris ce quiz